00683nam a2200181 a 450000100100000000500170001000800410002702000150006804000250008310000270010824500780013526000790021330000270029249000260031983000330034595201060037899900170048400004402120201002045110.0140513s1990 sp a 000 0 spa d a8479690348 aDO-SdBNPbspacBNPHU1 aAznar, Fernando97199910aEspaña Medieval :bMusulmanes, judíos y cristianos /cFernando Aznar. a[Madrid] :bCompañía Europea de Comunicación e Información,c1990. a96 p. :bil. ;c19 cm.1 aBiblioteca del El Sol 0aBiblioteca del El Sol972000 0010507-18MOaGRbGRcOId2014-05-13iLF1l0o p44021-10r2020-06-25w2020-06-25y1ZNo se presta c43510d43510